Dynamics of research. (Record no. 31780)
[ view plain ]
| 000 -LEADER | |
|---|---|
| fixed length control field | 00885nam a22002537a 4500 |
| 003 - CONTROL NUMBER IDENTIFIER | |
| control field | CSPC |
| 005 - DATE AND TIME OF LATEST TRANSACTION | |
| control field | 20260213142918.0 |
| 008 - FIXED-LENGTH DATA ELEMENTS--GENERAL INFORMATION | |
| fixed length control field | 260213c2006 ph r i 00 0 eng d |
| 022 ## - INTERNATIONAL STANDARD SERIAL NUMBER | |
| International Standard Serial Number | 0115-7051 |
| 040 ## - CATALOGING SOURCE | |
| Original cataloging agency | CSPC |
| Transcribing agency | CCPC |
| Language of cataloging | eng |
| Description conventions | rda |
| 245 00 - TITLE STATEMENT | |
| Title | Dynamics of research. |
| 264 #1 - PRODUCTION, PUBLICATION, DISTRIBUTION, MANUFACTURE, AND COPYRIGHT NOTICE | |
| Place of production, publication, distribution, manufacture | Iriga City : |
| Name of producer, publisher, distributor, manufacturer | University of Saint Anthony Graduate School, |
| Date of production, publication, distribution, manufacture, or copyright notice | 2006. |
| 300 ## - PHYSICAL DESCRIPTION | |
| Extent | volumes : |
| Other physical details | illustrations ; |
| Dimensions | 22 cm. |
| 337 ## - MEDIA TYPE | |
| Source | rdacontent |
| Media type term | text |
| 338 ## - CARRIER TYPE | |
| Source | rdamedia |
| Carrier type term | unmediated |
| 362 ## - DATES OF PUBLICATION AND/OR SEQUENTIAL DESIGNATION | |
| Dates of publication and/or sequential designation | Volume 4 |
| 504 ## - BIBLIOGRAPHY, ETC. NOTE | |
| Bibliography, etc. note | Includes bibliographical references. |
| 650 ## - SUBJECT ADDED ENTRY--TOPICAL TERM | |
| Topical term or geographic name entry element | Research |
| Form subdivision | Periodicals. |
| 650 ## - SUBJECT ADDED ENTRY--TOPICAL TERM | |
| Topical term or geographic name entry element | Scientific research |
| Form subdivision | Periodicals. |
| 650 ## - SUBJECT ADDED ENTRY--TOPICAL TERM | |
| Topical term or geographic name entry element | Research design |
| Form subdivision | Periodicals. |
| 700 #1 - ADDED ENTRY--PERSONAL NAME | |
| Personal name | Atian, Dulce F., |
| Relator term | editor. |
| 942 ## - ADDED ENTRY ELEMENTS (KOHA) | |
| Source of classification or shelving scheme | Dewey Decimal Classification |
| Suppress in OPAC | No |
| Koha item type | Serials |
| Classification part | 001.4 |
| Item part | D993 |
| Call number prefix | SER |
| Call number suffix | 2006 |
| Withdrawn status | Lost status | Source of classification or shelving scheme | Damaged status | Not for loan | Home library | Current library | Shelving location | Date acquired | Serial Enumeration / chronology | Total Checkouts | Full call number | Barcode | Date last seen | Copy number | Price effective from | Koha item type | Public note |
|---|---|---|---|---|---|---|---|---|---|---|---|---|---|---|---|---|---|
| Dewey Decimal Classification | Not For Loan | Main Library | Main Library | Serials | 02/13/2026 | 2006, Volume 4 | Ser EDUC 13 v.4 2006 | 01573S | 02/13/2026 | 1-1 | 02/13/2026 | Serials | Journal |